书目信息 |
| 题名: |
药剂学
|
|
| 作者: | 孟胜男 主编 | |
| 分册: | ||
| 出版信息: | 上海 上海科学技术出版社 2017.01 |
|
| 页数: | 402页 | |
| 开本: | 26cm | |
| 丛书名: | ||
| 单 册: | ||
| 中图分类: | R94 | |
| 科图分类: | ||
| 主题词: | 药剂学--成人高等教育--教材 | |
| 电子资源: | ||
| ISBN: | 978-7-5478-3287-5 | |
| 000 | 00946nam0 2200253 450 | |
| 001 | 206 | |
| 005 | 20180925103928.78 | |
| 010 | @a978-7-5478-3287-5@dCNY70.00 | |
| 100 | @a20170524d2017 em y0chiy50 ea | |
| 101 | 0 | @achi |
| 102 | @aCN@b310000 | |
| 105 | @aa z 000yy | |
| 200 | 1 | @a药剂学@9yao ji xue@dPharmaceutics@f孟胜男主编@zeng |
| 205 | @a2版 | |
| 210 | @a上海@c上海科学技术出版社@d2017.01 | |
| 215 | @a402页@c图@d26cm | |
| 300 | @a成人高等教育药学专业教材/陈金宝,刘强总主编 | |
| 330 | @a本书介绍了药剂学绪论,液体制剂,灭菌制剂与无菌制剂,散剂与颗粒剂,片剂,胶囊剂与滴丸剂,软膏剂、眼膏剂与凝胶剂,膜剂、涂膜剂和凝胶贴膏,栓剂,气雾剂、喷雾剂和吸入粉雾剂,中药制剂,药物制剂的稳定性,药物制剂的设计等内容。 | |
| 510 | 1 | @aPharmaceutics@zeng |
| 606 | 0 | @a药剂学@x成人高等教育@j教材 |
| 690 | @aR94@v5 | |
| 701 | 0 | @a孟胜男@9meng sheng nan@c(女,@f1966-)@4主编 |
| 801 | 0 | @aCN@b91MARC@c20170524 |
| 905 | @aMuseLib@dR94@e141=2 | |
| 药剂学=Pharmaceutics/孟胜男主编.-2版.-上海:上海科学技术出版社,2017.01 |
| 402页:图;26cm |
| 成人高等教育药学专业教材/陈金宝,刘强总主编 |
| ISBN 978-7-5478-3287-5:CNY70.00 |
| 本书介绍了药剂学绪论,液体制剂,灭菌制剂与无菌制剂,散剂与颗粒剂,片剂,胶囊剂与滴丸剂,软膏剂、眼膏剂与凝胶剂,膜剂、涂膜剂和凝胶贴膏,栓剂,气雾剂、喷雾剂和吸入粉雾剂,中药制剂,药物制剂的稳定性,药物制剂的设计等内容。 |
| ● |
| 相关链接 |
|
|
|
|
正题名:药剂学
索取号:R94/141=2
 
预约/预借
| 序号 | 登录号 | 条形码 | 馆藏地/架位号 | 状态 | 备注 |
| 1 | 1118764 | 211187641 | 第二样本阅览室/ [索取号:R94/141=2] | 在馆 | |
| 2 | 1118765 | 211187650 | 第三借阅区/ [索取号:R94/141=2] | 在馆 | |
| 3 | 1118766 | 211187669 | 第三借阅区/ [索取号:R94/141=2] | 在馆 | |
| 4 | 1118767 | 211187678 | 第三借阅区/ [索取号:R94/141=2] | 在馆 | |
| 5 | 1118768 | 211187687 | 第三借阅区/ [索取号:R94/141=2] | 在馆 |